| 000 -LEADER |
| fixed length control field |
01248cam a2200325 a 4500 |
| 001 - CONTROL NUMBER |
| control field |
3367011 |
| 005 - DATE AND TIME OF LATEST TRANSACTION |
| control field |
20210812164518.0 |
| 008 - FIXED-LENGTH DATA ELEMENTS--GENERAL INFORMATION |
| fixed length control field |
870403s1987 ne b 001 0 eng |
| 010 ## - LIBRARY OF CONGRESS CONTROL NUMBER |
| LC control number |
87009666 |
| 020 ## - INTERNATIONAL STANDARD BOOK NUMBER |
| International Standard Book Number |
9027725136 |
| 040 ## - CATALOGING SOURCE |
| Original cataloging agency |
DLC |
| Transcribing agency |
DLC |
| Modifying agency |
DLC |
| 050 00 - LIBRARY OF CONGRESS CALL NUMBER |
| Classification number |
QA402.5 |
| Item number |
.L3 1987 |
| 082 00 - DEWEY DECIMAL CLASSIFICATION NUMBER |
| Classification number |
511 |
| Edition number |
19 |
| 100 1# - MAIN ENTRY--PERSONAL NAME |
| Personal name |
Laarhoven, P. J. M. van |
| Fuller form of name |
(Peter J. M.) |
| 9 (RLIN) |
12386 |
| 245 10 - TITLE STATEMENT |
| Title |
Simulated annealing : |
| Remainder of title |
theory and applications / |
| Statement of responsibility, etc. |
P.J.M. van Laarhoven and E.H.L. Aarts. |
| 260 ## - PUBLICATION, DISTRIBUTION, ETC. |
| Place of publication, distribution, etc. |
Dordrecht ; |
| -- |
Boston : |
| Name of publisher, distributor, etc. |
D. Reidel ; |
| Place of publication, distribution, etc. |
Norwell, MA, U.S.A. : |
| Name of publisher, distributor, etc. |
Sold and distributed in the U.S.A. and Canada by Kluwer Academic Publishers, |
| Date of publication, distribution, etc. |
c1988. |
| 300 ## - PHYSICAL DESCRIPTION |
| Extent |
xi, 186 p. ; |
| Dimensions |
25 cm. |
| 490 1# - SERIES STATEMENT |
| Series statement |
Mathematics and its applications |
| 500 ## - GENERAL NOTE |
| General note |
Includes index. |
| 504 ## - BIBLIOGRAPHY, ETC. NOTE |
| Bibliography, etc. note |
Bibliography: p. 157-175. |
| 650 #0 - SUBJECT ADDED ENTRY--TOPICAL TERM |
| Topical term or geographic name entry element |
Simulated annealing (Mathematics) |
| 9 (RLIN) |
12387 |
| 653 ## - INDEX TERM--UNCONTROLLED |
| keyword |
Simulated Annealing |
| 653 ## - INDEX TERM--UNCONTROLLED |
| keyword |
რიცხვთა თეორია |
| 653 ## - INDEX TERM--UNCONTROLLED |
| keyword |
Теория чисел |
| 700 1# - ADDED ENTRY--PERSONAL NAME |
| Personal name |
Aarts, E. H. L. |
| Fuller form of name |
(Emile H. L.) |
| 9 (RLIN) |
12388 |
| 700 1# - ADDED ENTRY--PERSONAL NAME |
| Personal name |
Hazewinkel, M. |
| Fuller form of name |
Editor |
| 9 (RLIN) |
12389 |
| 830 #0 - SERIES ADDED ENTRY--UNIFORM TITLE |
| Uniform title |
Mathematics and its applications (D. Reidel Publishing Company) |
| 9 (RLIN) |
12390 |
| 906 ## - LOCAL DATA ELEMENT F, LDF (RLIN) |
| a |
7 |
| b |
cbc |
| c |
orignew |
| d |
1 |
| e |
ocip |
| f |
19 |
| g |
y-gencatlg |
| 942 ## - ADDED ENTRY ELEMENTS (KOHA) |
| Source of classification or shelving scheme |
|
| Koha item type |
წიგნი |